| 000 | 00525cam a2200169 4500 | ||
|---|---|---|---|
| 008 | 120607n 000 0 eng u | ||
| 020 | _a0781716233 | ||
| 035 | _a(Sirsi) a176341 | ||
| 050 | _aRC954 MIL 1999 | ||
| 100 | _aMiler, Carol A. | ||
| 245 |
_aNursing care of older adults: _Btheory and practice, _cCarol A. Miller. |
||
| 250 | _a3rd ed. | ||
| 260 |
_aPhiladelphia: _bLippincott, _c2008. |
||
| 300 |
_axix, 724p.: _bill. |
||
| 504 | _aIncludes bibliographical references and index | ||
| 650 | _aGeriatric nursing | ||
| 999 |
_c48713 _d48713 |
||